| 000 | 00613nam a22002057a 4500 | ||
|---|---|---|---|
| 005 | 20251108173251.0 | ||
| 008 | 250721s2001 xx 000 0 ara d | ||
| 082 | 1 | 4 | _a210.413343/بال |
| 100 | 1 | _aبالي، وحيد بن عبد السلام | |
| 245 | 1 | 0 | _aوقاية الإنسان من الجن والشيطان / |
| 250 | _aط 11 | ||
| 264 | 1 |
_aالمنصورة : _bدار إبن رجب، _c2001. |
|
| 300 | _a400ص | ||
| 650 | 1 | 7 | _aالسحر والتنجيم |
| 650 | 1 | 7 | _aالتعزيم |
| 650 | 1 | 7 | _aالشيطان |
| 650 | 1 | 7 | _aالقرآن الكريم |
| 942 |
_2ddc _cBK |
||
| 999 |
_c99919 _d99919 |
||